Score 0/20 Timer 03:00
0 Plays Today
Clue 4-Letter Word % Correct
Toy that uses interlocking plastic bricks█ LEGO █
97.9%
Company emblemLOGO
96%
Food order that isn't eaten in the restaurantTO GO
89.8%
The smallest part of a round of applauseCLAP
81.1%
Sound of a horse's hoofCLOP
78.1%
Matador's opponentTORO
70.3%
Video game mode that encourages teamworkCO-OP
64.5%
''Dracula'' author StokerBRAM
64.2%
Potter's mediumCLAY
64%
It only takes one in the kitchen to spoil the brothCOOK
63.3%
Clue 4-Letter Word % Correct
Baby buggy in BritainPRAM
55.8%
Third most populous Irish cityCORK
55.5%
Monkee named PeterTORK
52.1%
One word of a 2010 Julia Roberts filmPRAY
47%
Smile from ear to earBEAM
44.2%
Dark shade of cyanTEAL
43.3%
Stagecoach pullerTEAM
40.7%
With [Rung 20], translation of [Rung 1] from a Danish phrase█ PLAY █
40.5%
A good poker face can prevent a noticeable oneTELL
36.2%
With [Rung 12], translation of [Rung 1] from a Danish phrase█ WELL █
13.2%

Today's Daily Dose

You're not logged in!

Compare scores with friends on all Sporcle quizzes.
OR
Log In

Sporcle TV

Today on Sporcle TV


Watch our educational content, quiz creation guides, and fun videos on Sporcle TV.

Show Comments

Extras

Top Quizzes Today


Score Distribution

Paid Content

Your Account Isn't Verified!

In order to create a playlist on Sporcle, you need to verify the email address you used during registration. Go to your Sporcle Settings to finish the process.

Report this User

Report this user for behavior that violates our Community Guidelines.

Details: